Gays and film /

Bibliographic Details
Other Authors: Dyer, Richard, 1945- (Editor)
Format: Book
Language:English
Published: New York : New York Zoetrope, [1984]
Edition:Revised edition.
Subjects:

MARC

Tag First Indicator Second Indicator Subfields
LEADER 00000cam a2200000 a 4500
001 in00000573321
005 20201117150537.0
008 850912s1984 nyua bq 000 0 eng
010 |a  84061788  
035 |a (OCoLC)ocm12017481 
035 |9 ACN0098AM 
040 |a DLC  |b eng  |c DLC  |d BTCTA  |d BAKER  |d YDXCP  |d OCLCG  |d OCLCO  |d OCLCF  |d OCLCQ  |d UKMGB  |d OCL  |d OCLCQ  |d OCLCA  |d SFR  |d PAU  |d OCLCQ  |d SNN  |d INT  |d OCLCQ  |d TXA 
016 7 |a 012326265  |2 Uk 
020 |a 0918432588  |q (pbk.) 
020 |a 9780918432582  |q (pbk.) 
035 |a (OCoLC)12017481 
050 0 0 |a PN1995.9.H55  |b G3 1984 
082 0 0 |a 791.43/09/09353  |2 19 
049 |a TXAM 
245 0 0 |a Gays and film /  |c edited by Richard Dyer. 
246 1 4 |a Gays & film 
250 |a Revised edition. 
264 1 |a New York :  |b New York Zoetrope,  |c [1984] 
300 |a 110 pages :  |b illustrations ;  |c 21 cm 
336 |a text  |b txt  |2 rdacontent 
337 |a unmediated  |b n  |2 rdamedia 
338 |a volume  |b nc  |2 rdacarrier 
504 |a Includes filmographies and bibliographies. 
500 |a The Cushing Library/Women & Gender Studies copy was acquired as part of The Don Kelly Research Collection of Gay Literature and Culture.  |5 TXA 
650 0 |a Homosexuality in motion pictures. 
650 0 |a Gays in motion pictures. 
650 7 |a Homosexuality in motion pictures.  |2 fast  |0 (OCoLC)fst00959829 
650 7 |a Gay films  |x History and criticism.  |2 henn 
700 1 |a Dyer, Richard,  |d 1945-  |e editor. 
994 |a C0  |b TXA 
948 |a updated  |b h  |c 2020/11/17  |d c  |e nbehmer  |f 3:05:09 pm 
999 f f |s 01764cb7-caa9-3af9-84ac-9320767389ee  |i 79cd3343-d6c6-366f-b081-c9db2eabd129  |t 0 
952 f f |p normal  |a Texas A&M University  |b College Station  |c Sterling C. Evans Library  |d Evans: Library Stacks  |t 0  |e PN1995.9.H55 G3 1984  |h Library of Congress classification  |i unmediated -- volume  |m A14808464417 
952 f f |p noncirc  |a Texas A&M University  |b College Station  |c Cushing Memorial Library & Archives  |d Cushing: Women & Gender Studies (Does not check out)  |t 0  |e PN1995.9.H55 G3 1984  |h Library of Congress classification  |i unmediated -- volume 
998 f f |a PN1995.9.H55 G3 1984  |t 0  |l Evans: Library Stacks 
998 f f |a PN1995.9.H55 G3 1984  |t 0  |l Cushing: Women & Gender Studies (Does not check out)